Podnikatelské příběhy

Saved in:
Bibliographic Details
Main Author: Khol, Josef
Format: Book
Language:Czech
Published: Praha Inst. řízení 1990
Edition:1. vyd.
Tags: Add Tag
No Tags, Be the first to tag this record!

MARC

LEADER 00000nam a2200000 4500
001 c023213
005 20250606124937.2
041 0 |a cze 
044 |a CZ 
245 1 0 |a Podnikatelské příběhy  |c Josef Khol 
250 |a 1. vyd. 
264 1 |a Praha  |b Inst. řízení  |c 1990 
300 |a 37 s. 
100 1 |a Khol, Josef